Statistics for Vancouver Landmarks By Picture

Click here to take the quiz!

General Stats

  • This quiz has been taken 70 times
  • The average score is 5 of 12

Answer Stats

Answer% Correct
Capilano Suspension Bridge
70%
Gastown Steam Clock
67%
Science World
67%
Lions Gate Bridge
62%
Vancouver Public Library
58%
Canada Place
57%
BC Place
50%
Burrard Street Bridge
37%
Harbour Centre
30%
Pacific Central Station
22%
Woodward's Building
15%
Millennium Gate
8%

Score Distribution

Percentile by Number Answered

Percent of People with Each Score

Your Score History

You have not taken this quiz